• 首页
  • 本馆介绍
  • 公告通知
  • 最新文献
  • 馆藏检索
  • 电子资源
  • 读者导购
  • 参考咨询
  • 我的图书馆
  • 登录
  • 详细信息显示
  • 放入我的书架
  • 预约/预借图书
  • 作者相关作品
  • 分类相关作品
  • 丛书相关作品
  • 出版社相关作品

书目信息

  • 表格格式
  • 工作单格式
  • 卡片格式
题名:
老子选译
    
 
作者: 张葆全 选释 ;赵丹 , 关瑞琳 , 尹红 , 刘荣 翻译
分册:  
出版信息: 桂林   广西师范大学出版社  2017.04
页数: 27,303页
开本: 22cm
丛书名: 东方智慧丛书
单 册:
中图分类: H631.194:B223.14 , H631.194:B223
科图分类:
主题词: 马来语--汉语--对照读物 , 道家
电子资源:
ISBN: 978-7-5495-9474-0
000 01313oam2 2200361 450
001 0120172190217
005 20170920085352.34
010    @a978-7-5495-9474-0@b精装@dCNY78.00
100    @a20170525d2017 em y0chiy50 ea
101 0  @achi@amay
102    @aCN@b450000
105    @aa z 000yy
106    @ar
200 1  @a老子选译@9lao zi xuan yi@dTerjemahan pilihan Lao Zi@e汉马对照@f张葆全选释@g赵丹翻译@g关瑞琳,尹红,刘荣绘图@zmay
210    @a桂林@c广西师范大学出版社@d2017.04
215    @a27,303页@c图@d22cm
225 2  @a东方智慧丛书
330    @a《老子》,又名《道德经》,相传为春秋时期思想家老子所著,是先秦时代道家学派的重要典籍。全书以“道”与“德”为中心,涉及哲学、政治、伦理等多个方面,体现出“道法自然”、“清静无为”、“以退为进”等多种宝贵的思想。
333    @a哲学爱好者
461  0 @12001 @a东方智慧丛书
510 1  @aTerjemahan pilihan Lao Zi@zmay
605    @a《道德经》@x译文
606 0  @a马来语@x汉语@j对照读物
606 0  @a道家
690    @aH631.194:B223.14@v5
690    @aH631.194:B223@v4
701  0 @a张葆全@9zhang bao quan@4选释
702  0 @a赵丹@9zhao dan@4翻译
702  0 @a关瑞琳@9guan rui lin@4绘图
702  0 @a尹红@9yin hong@4绘图
702  0 @a刘荣@9liu rong@4绘图
801  0 @aCN@b人天书店@c20170525
905    @b1076780-85@dH631.194:B223@e4@f6
    
    老子选译=Terjemahan pilihan Lao Zi:汉马对照/张葆全选释/赵丹翻译/关瑞琳,尹红,刘荣绘图.-桂林:广西师范大学出版社,2017.04
    27,303页:图;22cm.-(东方智慧丛书)
    使用对象:哲学爱好者
    
    ISBN 978-7-5495-9474-0(精装):CNY78.00
    《老子》,又名《道德经》,相传为春秋时期思想家老子所著,是先秦时代道家学派的重要典籍。全书以“道”与“德”为中心,涉及哲学、政治、伦理等多个方面,体现出“道法自然”、“清静无为”、“以退为进”等多种宝贵的思想。
●
相关链接 在E读中查询图书 在五车中查询图书 在当当中查询图书 在豆瓣中查询图书


正题名:老子选译     索取号:H631.194:B223/4         预约/预借

序号 登录号 条形码 馆藏地/架位号 状态 备注
1 1076780   210767801   第二样本阅览室/ [索取号:H631.194:B223/4] 在馆    
2 1076781   210767810   密集书库—外国语学院/ [索取号:H631.194:B223/4] 在馆    
3 1076782   210767829   第四借阅区/ [索取号:H631.194:B223/4] 在馆    
4 1076783   210767838   第四借阅区/ [索取号:H631.194:B223/4] 在馆    
5 1076784   210767847   第四借阅区/ [索取号:H631.194:B223/4] 在馆    
6 1076785   210767856   第四借阅区/ [索取号:H631.194:B223/4] 在馆    
唐山师范学院图书馆 欢迎您!
大连网信软件有限公司© 版权所有